Digital Library/ (Record no. 206265)

MARC details
000 -LEADER
fixed length control field 00570nam a22001937a 4500
005 - DATE AND TIME OF LATEST TRANSACTION
control field 20241010153414.0
010 ## - LCCN (DPL NO)
LC control number ENG-142088
020 ## - INTERNATIONAL STANDARD BOOK NUMBER
International Standard Book Number 9789393247025
Terms of availability 695.00
035 ## - SYSTEM CONTROL NUMBER
System control number EN-125620
037 ## - SOURCE OF ACQUISITION
Source of stock number/acquisition DBAD
082 ## - DEWEY DECIMAL CLASSIFICATION NUMBER
Classification number 025.00285
100 ## - MAIN ENTRY--PERSONAL NAME
Personal name Siddu Kumar
245 ## - TITLE STATEMENT
Title Digital Library/
Statement of responsibility, etc Siddu Kumar
250 ## - EDITION STATEMENT
Edition statement First
260 ## - PUBLICATION, DISTRIBUTION, ETC. (IMPRINT)
Place of publication, distribution, etc Delhi
Name of publisher, distributor, etc Ankur Book Distributors
Date of publication, distribution, etc 2022
270 ## - ADDRESS
Address 526, Street No. 5 Vijay Park , Maujpur
City Delhi
Postal code 110053
Telephone number 9810154460
-- 9800797637
300 ## - PHYSICAL DESCRIPTION
Extent 208p.
Dimensions 22cm(hbk)
942 ## - ADDED ENTRY ELEMENTS (KOHA)
Source of classification or shelving scheme Dewey Decimal Classification
Item type English Books
Classification part 025.00285
Call number suffix SID
Holdings
Withdrawn status Lost status Not for loan Collection code Home library Current library Date acquired Source of acquisition Cost, normal purchase price Full call number Barcode Copy number Cost, replacement price Koha item type
    Not For Loan Non-fiction Bawana Bawana 10/10/2024 DBAD 695.00 025.00285 SID EN-125620 1 695.00 English Books

© Delhi Public Library
Hit Counter
free hit counter